Has climate changed in the natural rubber growing regions of India? (Record no. 52249)

MARC details
000 -LEADER
fixed length control field 00469nam a2200121Ia 4500
100 ## - MAIN ENTRY--AUTHOR NAME
Personal name Shammi Raj
245 #0 - TITLE STATEMENT
Title Has climate changed in the natural rubber growing regions of India?
260 ## - PUBLICATION, DISTRIBUTION, ETC. (IMPRINT)
Name of publisher International Workshop on Climate Change and Rubber Cultivation: R & D Priorities, 28-30 July 2010, Rubber Research Institute of India, Kottayam, pp.3-6.
Year of publication 2010
700 ## - ADDED ENTRY--PERSONAL NAME
Personal name Jacob J.
700 ## - ADDED ENTRY--PERSONAL NAME
Personal name Satheesh P.R.
942 ## - ADDED ENTRY ELEMENTS (KOHA)
Koha item type Bibliography STAF
Holdings
Withdrawn status Lost status Damaged status Not for loan Home library Current library Date acquired Koha item type
      Bibliography RRII Library RRII Library 13/08/2010 Bibliography STAF